| 000 | 00663nam a2200193 4500 | ||
|---|---|---|---|
| 008 | 030724s1988 us eng | ||
| 020 | _a0891091149 | ||
| 090 |
_aBS2715.2 _bN22 |
||
| 245 | 1 | 0 |
_aA NavPress Bible study on the book of Colossians and Philemon / _cNavigators, Karen Hinckley. |
| 260 |
_aColorado : _bNavPress, _cc1988. |
||
| 300 | _a139 p. | ||
| 490 | 1 | _aLifeChange series | |
| 650 | 4 |
_aBible _xStudy. |
|
| 650 | 4 |
_aBible. N.T. Colossians _xStudy and teaching. |
|
| 650 | 4 |
_aBible. N.T. Philemon _xStudy and teaching. |
|
| 700 | 1 | _aHinckley, Karen | |
| 730 | 0 | _aNavigators | |
| 951 |
_p11889 _x00004368 _oBS2715.2/N22 _j070613111256437 _d2000-12-21 _cGC |
||
| 999 |
_c16093 _d16093 |
||